LEADER 02924nam 22005773 450 001 9911069023603321 005 20240912084510.0 010 $a9783839471777 010 $a383947177X 024 7 $a10.1515/9783839471777 035 $a(CKB)34868877700041 035 $a(MiAaPQ)EBC31653305 035 $a(Au-PeEL)EBL31653305 035 $a(DE-B1597)677925 035 $a(DE-B1597)9783839471777 035 $a(Perlego)4302728 035 $a(EXLCZ)9934868877700041 100 $a20240912d2024 uy 0 101 0 $aeng 135 $aur||||||||||| 181 $ctxt$2rdacontent 182 $cc$2rdamedia 183 $acr$2rdacarrier 200 10$aBio-Art $eVarieties of the Living in Artworks from the Pre-Modern to the Anthropocene 205 $a1st ed. 210 1$aBielefeld :$ctranscript Verlag,$d2024. 210 4$d©2024. 215 $a1 online resource (255 pages) 225 0 $aImage ;$v246 311 08$a9783837671773 311 08$a3837671771 327 $tFrontmatter -- $tContents -- $tAcknowledgements -- $tThe Living in Artworks in Sociocultural and Historical Contexts -- $tPart One: humans ? cosmos/culture ? nature -- $tThe Place of Martyrs -- $tBody Ornamentation in Pre-Columbian America -- $tThe Snake and the Flying Fox -- $tPart Two: animals and human animals -- $tBowerbirds and Their Bowers -- $tAnimal Architecture in Friedrich Wilhelm Joseph von Schelling?s Philosophy of Art -- $tFrom Beast to Machine -- $tPart Three: arts ? science ? technology -- $tDuelling Epistemologies -- $tOn the Ecologies of Contemporary Art -- $tCrosscutting Arts, Science and Technologies -- $tAuthor Biographies 330 $aIn the face of climate change, the destruction of biodiversity or genetic experimentation, Bio Art appears as a form that is most directly grappling with the problems of the »Anthropocene«. It develops many different approaches and explores a variety of mediums, often related to scientific research, creating art that uses plants, insects, mammals, bacteria, bird songs, forest sounds, or genetic modification. Bio Art's uniqueness comes from incorporating, rather than just representing the living in a diverse range of artworks. In discussing such works from various world regions and time periods, the contributors address the divide between human and non-human animals, between »culture« and »nature«. 606 $aAnimals in art 606 $aBiology in art 606 $aNature in art 606 $aART / History / General$2bisacsh 615 0$aAnimals in art. 615 0$aBiology in art. 615 0$aNature in art. 615 7$aART / History / General. 676 $a701.8 700 $aVelasco$b Julio$01896438 701 $aWeber$b Klaus$0571987 801 0$bMiAaPQ 801 1$bMiAaPQ 801 2$bMiAaPQ 906 $aBOOK 912 $a9911069023603321 996 $aBio-Art$94551032 997 $aUNINA